Test de rapidité-Mathématiques-Divisions-The Content Update - Statistiques

Statistiques générales
  • Ce quiz a été pris 69 fois
  • Le résultat moyen est 3 sur 5
Statistiques - réponses
Calcul Réponse % Correct
60/3 20
95%
72/12 6
94%
506/2 253
83%
1000/25 40
82%
150/5 30
80%
1569/3 523
60%
864/4 216
53%
45888/6 7648
9%
Aucun quiz correspondant
Distribution des résultats
% des personnes avec chaque résultat
Percentile par nombre de réponses
Votre historique - résultats
Vous n’avez pas pris ce quiz